000 01776cam a2200337 a 4500
005 20031230185550.0
008 940308s1993 enkab b 001 0 eng
010 _aENG-101674 B-426321-325
020 _c250.00
_a9788184000337
035 _aEN-85207 B-426321-325
037 _bDBAD/PUB
037 _bRBC/Ven
040 _adpl
_bEng
082 _aN
100 1 _922405
_aKapur, Manju
245 1 0 _aHome /
_cby Manju Kapur
260 _aNoida
_bRandom House India
_c2007
270 _aMind Mill Corporate Tower, 2nd Floor, Plot No 24A Sector 16A,
_bNoida
_e201301
300 1 _a338p.
_c20cm (pbk)
650 0 _922448
651 _922481
700 _922431
942 _2ddc
_cEN
_mKAP
_hN
999 _c48282
_d48282